1030 1497 1391 1240 1592 1609 1958 1839 1574 1121 1393 1778 1373 1381 1595 1548 1101 1393 1056 1769 1487 1942 1665 1434 1916 1010 1481 1169 1840 1967 1616 1059 1559 1210 1086 1264 1356 1017 1986 1260 1007 1208 1060 1343 1929 1334 1825 1262 1846 2000 1451 1506 1468 1829 1976 1353 1361 1472 1941 1320 1125 1413 1047 1333 1147 1826 1596 1406 1856 1517 1323 1815 1433 1104 1102 1242 1079 1177 1330 1019 1844 1076 1177 1503 1717 1864 1891 1724 1966 1696 1253 1295 1594 1459 1985 1402 1324 1267 1961 BCNSPRNW ULIB Ver.6.0+V

เปลี่ยนเป็นภาษาไทย

Change to English
 แสดงรายละเอียดบรรณานุกรม
  กลับหน้าหลัก

Brief Record : Get Marc (ISO 2709) : E-mail record : QR code < ปิดหน้าต่าง
LEADER : 00000nam 2200000uu 4500
001    13399112817
003     ULIB
008    110912s2537||||th 000 0 tha d
020    9748045625
050 04 LB1025.2^bบ422ก 2541
100 0  บุญชม ศรีสะอาด
245 10 การพัฒนาการสอน /^cบุญชม ศรีสะอาด
250    พิมพ์ครั้งแรก
260    กรุงเทพฯ :^bชมรมเด็ก,^c2537
300    173 หน้า ;^c26 ซม
505 2  ความหมาย ประเภทและแนวทางการเลือกวิธีสอน--ระบบการเรียนการสอน--การกำหนดจุประสงค์--การเลือกและการจัดประสบการณ์การเรียนรู้--การวางแผนและเตรียมการสอน--วิธีสอนและการเพิ่มประสิทธิภาพ--นวัตกรรมด้านการสอน--รูปแบบการสอน--การประเมินการสอน--การวิจัยเกี่ยวกับการเรียนการสอนในชั้นเรียน
650  7 การพัฒนาการศึกษา
650  7 การสอน
850    CHU:ED
945    ^p250^l0^i015555
945    ^p250^l0^i015556
945    ^p250^l0^i015557
995    ทศพร
999 ^a ทศพร
รายการนี้ยังไม่มีแท็ก
คุณยังไม่ได้ล็อกอิน คุณสามารถมีกิจกรรมร่วมกับเว็บไซต์ได้ แต่ต้องล็อกอินก่อน ::
  ล็อกอิน

รายการสื่อสารสนเทศ

ลำดับที่ ประเภท เลขเรียก/บาร์โค้ด สถานที่ สถานะ
- ไม่พบข้อมูล -

รายการใกล้เคียง
    ผู้แต่ง [บุญชม ศรีสะอาด]

    หัวเรื่อง [การพัฒนาการศึกษา]
    หัวเรื่อง [การสอน]

BibComment


ยังไม่เคยถูกคอมเมนท์

คอมเมนท์ทรัพยากรรายการนี้
  คอมเมนท์: การพัฒนาการสอน บ..


 Copyright 2026. Bcnsprnw @Library